Wypisz pokemony z danej genracji: Sinnoh (generacja 4) - Statystyki

Ogólne statystyki
  • Ten quiz został rozwiązany 58 razy
  • Średni wynik to 41 z 107
Statystyki odpowiedzi
Nr. Nr. w pokedex Pokémon % Poprawnych
#003 #389 Torterra
98%
#007 #393 Piplup
96%
#001 #387 Turtwig
96%
#004 #390 Chimchar
93%
#006 #392 Infernape
91%
#005 #391 Monferno
89%
#002 #388 Grotle
84%
#009 #395 Empoleon
80%
#012 #398 Staraptor
71%
#010 #396 Starly
71%
#097 #483 Dialga
69%
#098 #484 Palkia
67%
#011 #397 Staravia
64%
#014 #400 Bibarel
62%
#013 #399 Bidoof
62%
#101 #487 Giratina
60%
#017 #403 Shinx
60%
#019 #405 Luxray
58%
#081 #467 Magmortar
58%
#018 #404 Luxio
56%
#107 #493 Arceus
53%
#032 #418 Buizel
51%
#057 #444 Gabite
51%
#057 #443 Gible
51%
#058 #445 Garchomp
49%
#020 #406 Budew
47%
#022 #408 Cranidos
47%
#061 #448 Lucario
47%
#087 #473 Mamoswine
47%
#023 #409 Rampardos
47%
#021 #407 Roserade
47%
#060 #447 Riolu
44%
#033 #419 Floatzel
42%
#100 #486 Regigigas
42%
#106 #492 Shaymin
42%
#082 #468 Togekiss
42%
#105 #491 Darkrai
40%
#080 #466 Electivire
40%
#043 #429 Mismagius
40%
#024 #410 Shieldon
40%
#096 #482 Azelf
38%
#025 #411 Bastiodon
38%
#037 #423 Gastrodon
38%
#084 #470 Leafeon
38%
#095 #481 Mesprit
38%
#094 #480 Uxie
38%
#074 #460 Abomasnow
36%
#092 #478 Froslass
36%
#089 #475 Gallade
36%
#099 #485 Heatran
36%
#041 #427 Buneary
33%
#085 #471 Glaceon
33%
#045 #431 Glameow
33%
#036 #422 Shellos
33%
#026 #412 Burmy
31%
#102 #488 Cresselia
31%
#067 #453 Croagunk
31%
#040 #426 Drifblim
31%
#039 #425 Drifloon
31%
#015 #401 Kricketot
31%
#016 #402 Kricketune
31%
#104 #490 Manaphy
31%
#069 #455 Carnivine
29%
#065 #452 Drapion
29%
#086 #472 Gliscor
29%
#103 #489 Phione
29%
#046 #432 Purugly
29%
#068 #454 Toxicroak
29%
#075 #461 Weavile
29%
#029 #415 Combee
27%
#044 #430 Honchkrow
27%
#076 #462 Magnezone
27%
#053 #439 Mime Jr.
27%
#078 #464 Rhyperior
27%
#064 #451 Skorupi
27%
#079 #465 Tangrowth
27%
#027 #413 Wormadam
27%
#038 #424 Ambipom
24%
#052 #438 Bonsly
24%
#050 #436 Bronzor
24%
#042 #428 Lopunny
24%
#088 #474 Porygon-Z
24%
#090 #476 Probopass
24%
#049 #435 Skuntank
24%
#073 #459 Snover
24%
#051 #437 Bronzong
22%
#035 #421 Cherrim
22%
#034 #420 Cherubi
22%
#054 #440 Happiny
22%
#028 #414 Mothim
22%
#093 #479 Rotom
22%
#048 #434 Stunky
22%
#059 #446 Munchlax
20%
#047 #433 Chingling
18%
#071 #457 Lumineon
18%
#083 #469 Yanmega
18%
#055 #441 Chatot
16%
#070 #456 Finneon
16%
#072 #458 Mantyke
16%
#008 #394 Priplup
16%
#077 #463 Lickylicky
11%
#031 #417 Pachurisu
4%
#062 #449 Hippoptas
2%
#063 #450 Hippowodon
2%
#056 #442 Spiritomp
2%
#091 #477 Duskonoir
0%
#030 #416 Vespuquen
0%
Nie znaleziono quizów pasujących do podanych kryteriów
Rozkład punktacji
Procent ludzi z każdym wynikiem
Percentyl według liczby udzielonych odpowiedzi
Twoja historia wyników
Nie rozwiązałeś tego quizu